One-Word Best Pictures by Image Quiz Stats

Quiz Updated May 19, 2017

Challenge
Share
Tweet
Score 0/24 Timer 08:00
0 Plays Today
% Correct
Rocky
97%
Titanic
94.7%
Gladiator
94.6%
Casablanca
92.3%
Braveheart
90.7%
Chicago
89%
Gandhi
84.6%
Argo
81.6%
Amadeus
80.3%
Oliver!
78.4%
Platoon
77.8%
Hamlet
75.5%
% Correct
Patton
70%
Crash
59.2%
Unforgiven
57.6%
Moonlight
57.5%
Spotlight
52.1%
Ben-Hur
51.5%
Marty
29.2%
Gigi
27.6%
Rebecca
27.1%
Wings
27%
Cimarron
12%
Cavalcade
9.9%

You're not logged in!

Compare scores with friends on all Sporcle quizzes.
Sign Up with Email
OR
Log In

You Might Also Like...

Show Comments

Extras

Top Quizzes Today


Score Distribution

Your Account Isn't Verified!

In order to create a playlist on Sporcle, you need to verify the email address you used during registration. Go to your Sporcle Settings to finish the process.

Report this User

Report this user for behavior that violates our Community Guidelines.

Details: